00715nam a2200229 a 4500001001300000003000900013005001700022008004100039020002300080082001600103100002100119245007100140260002500211300000900236500003500245505001700280650002500297902000800322942000700330952013100337999001700468nice12345678IN_TiNIC20260116015044.0050524s2000 dela grp 000 0 eng  a817214X c10000a248.24bMAR aMark, Krickwin C aConversion in a Pluralistic Contextb Perspectives and Perceptions aDelhi bISPCK c2000 a230p aincludes index and biblioraphy2 aVols. 1 to 6 aConversion-Religious bSRS cBK 001040708StackRoom-aHMIbHMId2012-03-02g100.00l1o248.24 MARp11000935r2019-01-31s2019-01-25v100.00w2005-05-24yBK c18126d18126